000 01510pam a2200409 a 4500
001 58
003 FISKH
005 20250205152850.0
008 921112s1993 nyua b 000 1 eng
010 _a 92050957
020 _a0679844074 :
_c$2.99 ($3.99 Can.)
020 _a0679944079 (lib. bdg.)
040 _aDLC
_cDLC
_dDLC
042 _alcac
050 0 0 _aPZ7.P2197
_bJtr 1993
082 0 0 _a813.54
_220
100 1 _aPark, Barbara.
245 1 0 _aJunie B. Jones and her big fat mouth /
_cby Barbara Park ; illustrated by Denise Brunkus.
260 _aNew York :
_bScholastic
_cc1993.
300 _a69 p. :
_bill. ;
_c20 cm
490 1 _a[The Junie B. Jones series ;
_vv. 3
500 _aG
505 _aG
520 _aWhen her kindergarten class has Job Day, Junie B. goes through much confusion and excitement before deciding on the "bestest" job of all.
521 _a420
_bLexile
521 _aG
_bRaz-Plus
650 1 _aKindergarten
_xFiction.
650 1 _aSchools
_xFiction.
650 1 _aOccupations
_xFiction.
700 1 _aBrunkus, Denise,
_eill.
800 1 _aPark, Barbara.
_tJunie B. Jones series ;
_v#3.
856 4 2 _3Contributor biographical information
_uhttp://www.loc.gov/catdir/bios/random056/92050957.html
856 4 1 _3Sample text
_uhttp://www.loc.gov/catdir/samples/random043/92050957.html
856 4 2 _3Publisher description
_uhttp://www.loc.gov/catdir/description/random047/92050957.html
906 _a7
_bcbc
_corignew
_d1
_eocip
_f19
_gy-gencatlg
942 _2ddc
_cBK
_n0
999 _c58
_d58